ბათუმის შოთა რუსთაველის სახელმწიფო უნივერსიტეტის ბიბლიოთეკა

ბილიკებში ჩაკარგული ოცნებები : (ბიბ.ჩანაწერი № 44980)

000 -ლიდერი
ფიქსირებული სიგრძის საკონტროლო ველი 01112nam a2200241Ia 4500
001 - საკონტროლო ნომერი
საკონტროლო ველი 11801
003 - საკონტროლო ნომრის იდენტიფიკატორი
საკონტროლო ველი GE_BSU
005 - ბოლო ოპერაციის თარიღი და დრო
საკონტროლო ველი 20240618110715.0
008 - ფიქსირებული სიგრძის მონაცემთა ელემენტები - ზოგადი ინფორმაცია
ფიქსირებული სიგრძის საკონტროლო ველი 181216s2014||||ge |||||||||||||| ||geo||
020 ## - წიგნის საერთაშორისო სტანდარტული ნომერი
International Standard Book Number 9789941936876
040 ## - კატალოგიზაციის წყარო
Transcribing agency GE_BSU
041 ## - ენის კოდი
Language code of text/sound track or separate title geo
080 ## - უნივერსალური ათობითი კლასიფიკაციის ინდექსი
Universal Decimal Classification number 821.353.1–1 ჟ–99
100 ## - მთავარი ჩანაწერი - პიროვნების სახელი
Personal name ჟღენტი–ჯიჯავაძე, ნათელა
9 (RLIN) 22466
245 ## - ცნობა სათაურის შესახებ
Title ბილიკებში ჩაკარგული ოცნებები :
Remainder of title ლექსები /
Statement of responsibility, etc ნათელა ჟღენტი–ჯიჯავაძე ; რედ. ჯემალ მეგრელიძე.
264 ## - წარმოების, გამოცემის, დისტრიბუციის და სხვა ცნობები
გამოცემის, წარმოების, დისტრიბუციის... ადგილი თბილისი :
გამოცემის, წარმოების, დისტრიბუციის... სახელწოდება შპს "სვეტი,
გამოცემის, წარმოების, დისტრიბუციის... თარიღი 2014.
300 ## - ფიზიკური აღწერა
Extent 199 გვ. :
Other physical details ილ. :
Dimensions 20 სმ.
500 ## - ზოგადი შენიშვნა
General note ფოტო გარეკანზე : მამუკა ჯიჯავაძე
653 ## - INDEX TERM--UNCONTROLLED
Uncontrolled term ბილიკებში ჩაკარგული ოცნებები
653 ## - INDEX TERM--UNCONTROLLED
Uncontrolled term ლექსები
700 ## - ADDED ENTRY--PERSONAL NAME
Personal name მეგრელიძე, ჯემალ
Relator term რედაქტორი
9 (RLIN) 22467
942 ## - ADDED ENTRY ELEMENTS (KOHA)
Koha item type წიგნი
Source of classification or shelving scheme
ეგზემპლარები
ჩამოწერის სტატუსი დაკარგული ეგზემპლარის სტატუსი კლასიფიკაციის წყარო ან თაროზე გაწყობის სქემა დაზიანების სტატუსი არ გაიცემა მუდმივი მდებარეობა (დაცვის ადგილი) ამჟამინდელი ადგილსამყოფელი თაროზე განთავსების ადგილი შეძენის თარიღი სრული შენახვის შიფრი შტრიხკოდი ბოლო ოპერაციის თარიღი ეგზემპლარის მიმდევრობითი ნომერი (კეტერი?) ფასის ძალაში შესვლის თარიღი ეგზემპლარის სახეობა
          ბათუმის შოთა რუსთაველის სახელმწიფო უნივერსიტეტის მთავარი ბიბლიოთეკა ბათუმის შოთა რუსთაველის სახელმწიფო უნივერსიტეტის მთავარი ბიბლიოთეკა წიგნსაცავი 2018-12-17 821.353.1–1 ჟ–99 26885 2018-12-17 26885 2018-12-17 წიგნი